Minimum construction requirements for new dwellings located in northern district of Texas.

Bibliographic Details
Corporate Author: United States. Federal Housing Administration
Format: Government Document eBook
Language:English
Published: [Washington] : [s.n.], 1939.
Subjects:
Online Access:Electronic resource (PDF)

MARC

Tag First Indicator Second Indicator Subfields
LEADER 00000cam a22000001i 4500
001 in00003925813
006 m d f
007 cr bn mmmapmmp
008 391002s1939 dcu o f000 0 eng d
005 20250210233844.4
035 |a ebd1933020134 
040 |a UMI  |c UMI  |e rda  |d UtOrBLW 
086 0 |a FL 2.11:T 31/2 
099 |a FL2.11..T31_2 
110 1 |a United States.  |b Federal Housing Administration.  |0 http://id.loc.gov/authorities/names/n79078374 
245 1 0 |a Minimum construction requirements for new dwellings located in northern district of Texas. 
264 1 |a [Washington] :  |b [s.n.],  |c 1939. 
300 |a 1 online resource (27 pages), digital, PDF file 
336 |a text  |b txt  |2 rdacontent 
337 |a computer  |b c  |2 rdamedia 
338 |a online resource  |b cr  |2 rdacarrier 
500 |a Includes tables and illustrations. 
533 |a Electronic reproduction.  |b [Bethesda, Md.] :  |c ProQuest,  |d 2016  |e digital, PDF file.  |n ProQuest U.S. Executive Branch Documents  |n Mode of access: World Wide Web via ProQuest website. 
588 |a Record is based on online resource; title from PDF title page (ProQuest, last viewed July 2016). Reuse except for individual research requires license from ProQuest, LLC. 
650 0 |a Construction industry.  |0 http://id.loc.gov/authorities/subjects/sh85031360 
650 0 |a Buildings.  |0 http://id.loc.gov/authorities/subjects/sh85017769 
650 0 |a Lumber and lumbering. 
650 0 |a Building materials.  |0 http://id.loc.gov/authorities/subjects/sh85017740 
856 4 0 |u http://proxy.library.tamu.edu/login?url=http://congressional.proquest.com/congressional/docview/t66.d71.fl2.11..t31_2?  |y Electronic resource (PDF)  |t 0 
999 f f |s 52b1cae1-d1d9-3d7c-b595-a9bad09c0a56  |i 51211bf6-34d0-34d6-a8cf-7c67fbdb90f1  |t 0 
952 f f |a Texas A&M University  |b College Station  |c Electronic Resources  |d Available Online  |t 0  |h No information provided 
998 f f |t 0  |l Available Online